000
00334nam a2200145Ia 4500
100
_a
Deshmukh/B.H
650
_a
Electrical Engineering
942
_c
BK
654
_a
Elements
245
_a
Elements Of Electrical Technology
260
_b
Nirali prakashan
_a
Pune
_c
1984
082
_a
621.3
_b
Des
300
_a
180
546
_a
ENGLISH
999
_c
31460
_d
31460